000 00381cam a2200145ua 4500
041 _aeng
_h
082 _a828.09
_bGRO/DI
100 _aGroom , Bernad .
245 _aDiction of poetry from spenser to bridges /
_cBernad Groom.
_hTextual Documents
260 _a :
_bUniversity of Tornoto ,
_c1960.
300 _a284 ; .
504 _a
999 _c11988
_d11988